| 000 | 01302nam a2200289 a 4500 | ||
|---|---|---|---|
| 003 | OSt | ||
| 005 | 20240220103947.0 | ||
| 007 | cr ||||||a|c|a | ||
| 008 | 240207s2023 mx a|||fom||| 001 0 spa d | ||
| 040 | _erda | ||
| 100 | 1 |
_9188648 _aOrtiz González, Cinthia Guadalupe |
|
| 245 | 1 | 0 |
_aAgentes contaminantes del hábitat y efecto en especies de fauna silvestre en la reserva de la Biosfera Mapimí, Durango / _cCinthia Guadalupe Ortiz González; director de tesis Gonzalo Hernández Ibarra |
| 264 | 1 |
_aChapingo, México : _bEl autor, _c2023. |
|
| 300 |
_a1 recurso en línea (59 páginas): _bcuadros y figuras.. |
||
| 336 |
_2rdacontent _atexto _btxt |
||
| 337 |
_2rdamedia _acomputadora _bc |
||
| 338 |
_2rdacarrier _arecurso en línea _bcr |
||
| 502 |
_bISAg _cURUZA _d2023. _gLIC |
||
| 504 | _aIncluye referencias bibliográficas: páginas 45-49 | ||
| 650 | 4 |
_9186970 _aContaminación del agua |
|
| 650 | 4 |
_9132364 _aResiduos peligrosos _xEliminación |
|
| 650 | 4 |
_9188673 _aResiduos químicos _xImpacto ambiental |
|
| 650 | 4 |
_9188674 _aResiduos químicos _xManejo |
|
| 700 | 1 |
_954178 _aHernández Ibarra, Gonzalo _eDirector de tesis. |
|
| 856 |
_uhttp://10.13.5.2/tesis/tl/1411842-4_ORTIZ_GONZALEZ_CINTHIAGUADALUPE.pdf _zDESCARGAR PDF |
||
| 942 |
_2Clasificación Universidad Autónoma Chapingo _cTD |
||
| 999 |
_c219640 _d219640 |
||